| 000 | 00650nam a2200229Ia 4500 | ||
|---|---|---|---|
| 005 | 20250508164650.0 | ||
| 008 | 008 250505s9999 xx 000 0 eng d | ||
| 020 | _a0-335-20600-X | ||
| 037 | _aTextual | ||
| 040 |
_aFEDL _beng _cFEDL |
||
| 041 |
_aeng _2eng |
||
| 084 |
_a370.19, POL _qFEDL |
||
| 100 |
_aPole Christopher _9371400 |
||
| 245 | 0 | _aEthnography for education | |
| 260 |
_aBerkshire, England _bOpen University Press _c2003 |
||
| 300 | _axiii,180p. | ||
| 365 |
_aGBP _b19.99 |
||
| 650 | _aEducational sociology | ||
| 700 |
_a Morrison Marlene _9778794 |
||
| 942 |
_cTEXL _h370.19, POL |
||
| 999 |
_c1390431 _d1390431 |
||